000 00688nam a2200253Ia 4500
003 OSt
005 20221005040241.0
006 a|||||r|||| 00| 0
007 ta
008 221004b |||||||| |||| 00| 0 eng d
024 _a30956
037 _cTextual
040 _aCRL
_cCRL
_beng
041 _2eng
_aeng
082 _aTv2:D, J1
100 _aMookerji Radha Kumud
245 0 _aAncient indian education - brahmanical and buddhist
250 _a2nd. edition
260 _aDelhi
_bMotilal Banarsidass India
_c1951
300 _axxxvi,655p.
_ccm.
650 _aEDUCATION
942 _hTv2:D, J1
_cTEXL
_2cc
999 _c946641
_d946641